00430nam a22001217a 4500008004100000040005500041080001900096245004400115260004600159300001500205500007400220650001400294230706b |||||||| |||| 00| 0 eng d aNational Science LibrarycNational Science Library aR 058(4/9)bM7 aEuropa year book 1987: bA world survey aLondon: bEuropa Publications Ltd, c1987 axx, 1616p. aVol. I Part 1 International organization Part 2 Afghanistan - Jordan  aYear book